Statistics for NBA Slam Dunk Contest Winners

Click here to take the quiz!

General Stats

  • This quiz has been taken 18 times
    (7 since last reset)
  • The average score is 22 of 38

Answer Stats

YearTeamAnswer% Correct
1997LakersKobe Bryant
100%
1987BullsMichael Jordan
100%
1988BullsMichael Jordan
100%
2011ClippersBlake Griffin
83%
1985HawksDominique Wilkins
83%
1990HawksDominique Wilkins
83%
2017PacersGlenn Robinson III
83%
2006KnicksNate Robinson
83%
2010KnicksNate Robinson
83%
2009KnicksNate Robinson
83%
2000RaptorsVince Carter
83%
1991CelticsDee Brown
67%
2002WarriorsJason Richardson
67%
2003WarriorsJason Richardson
67%
202376ersMac McClung
67%
2022KnicksObi Toppin
67%
1986HawksSpud Webb
67%
1996ClippersBrent Barry
50%
2020HeatDerrick Jones Jr
50%
2008MagicDwight Howard
50%
2004PacersFred Jones
50%
2019ThunderHamidou Diallo
50%
1995HeatHarold Miner
50%
1993HeatHarold Miner
50%
2005HawksJosh Smith
50%
1986SunsLarry Nance
50%
2015TimberwolvesZach LaVine
50%
2016TimberwolvesZach LaVine
50%
2021TrailblazersAnfernee Simons
33%
1992SunsCedric Ceballos
33%
2018JazzDonovan Mitchell
33%
2007CelitcsGerald Green
33%
1994TimberwolvesIsiah Rider
33%
2012JazzJeremy Evans
33%
2014WizardsJohn Wall
33%
1989KnicksKenny Walker
33%
2013RaptorsTerence Ross
33%
2001SupersonicsDesmond Mason
0%

Score Distribution

Percentile by Number Answered

Percent of People with Each Score

Your Score History

You have not taken this quiz since the last reset